000 00297nam a22001337a 4500
003 SGT
082 _a370
_bA16G
100 _aGPH
245 _aADOLESCENCE AND FAMILY EDUCATION BASE-66
260 _aNEW DELHI
_bGULLYBABA PUB HOUSE
_c2016
300 _a197
650 _aEDUCATION
942 _2ddc
_cBK
999 _c12695
_d12695